Statistiques concernant Capitales littorales en Amérique

Cliquez ici pour prendre le quiz!

Statistiques générales

  • Ce quiz a été pris 136 fois
  • Le résultat moyen est 11 sur 20

Statistiques - réponses

Capitale en bord de mer % Correct
3Buenos Aires
84%
6La Havane
79%
12Panama
79%
10Montevideo
76%
9Lima
74%
14Port-au-Prince
73%
7Kingston
70%
18Saint-Domingue
54%
5Georgetown
54%
20San Salvador
53%
13Paramaribo
53%
8Kingstown
52%
11Nassau
51%
4Castries
45%
2Bridgetown
44%
15Port-d'Espagne
44%
16Roseau
44%
17Saint John's
39%
19Saint-Georges
39%
1Basseterre
38%

Distribution des résultats

Percentile par nombre de réponses

% des personnes avec chaque résultat

Votre développement - résultats

Vous n’avez pas pris ce quiz